|
|
|
|
| LEADER |
00743nab a2200169 i 4500 |
| 001 |
misc39460 |
| 005 |
20191106140738.0 |
| 008 |
180709s2004 hu o 0|| zxx d |
| 022 |
|
|
|a 1215-5233
|
| 040 |
|
|
|a SZTE Miscellanea Repozitórium
|b hun
|
| 041 |
|
|
|a zxx
|
| 100 |
1 |
|
|a Buda Attila
|
| 245 |
1 |
0 |
|a Ami az érzékelhető világ mögött lapul
|h [elektronikus dokumentum] :
|b lélek és kalligráfia (Mednyánszky László életműve. Kiállítás a Magyar Nemzeti Galériában. A Tíz Bambusz Csarnoka. Könyv- és nyomdászattörténeti kiállítás) /
|c Buda Attila
|
| 260 |
|
|
|c 2004
|
| 300 |
|
|
|a 124-128
|
| 490 |
0 |
|
|a Iskolakultúra
|v 14 No. 3
|
| 856 |
4 |
0 |
|u http://misc.bibl.u-szeged.hu/39460/1/EPA00011_iskolakultura_2004_03_124-128.pdf
|z Dokumentum-elérés
|